| 000 | 00634nam a2200193 i 4500 | ||
|---|---|---|---|
| 001 | 168073 | ||
| 003 | ES-MaACL | ||
| 005 | 20230906213656.0 | ||
| 008 | 051005s1890 xxk | |||||||| ||eng d | ||
| 040 |
_aCAM _bspa _cCAM |
||
| 100 | 1 |
_aYonge, Charlotte Mary ( _d1823-1901) _9133993 |
|
| 245 | 1 | 0 |
_aLife of H.R.H. the Prince Consort / _cby Charlotte M. Yonge. |
| 260 |
_aLondon : _bW.H. Allen & Co., _c1890 ( _fprinted by William Clowes and Sons) |
||
| 300 |
_a248 p. ; _c19 cm. |
||
| 490 | 1 | _aStatesmen series | |
| 830 | 0 |
_aStatesmen series _9187925 |
|
| 852 |
_aES-MaACL _jG-10482 _z-- Enc. ed. en tela |
||
| 999 |
_c168073 _d168073 |
||